Movie Alphabet M - Statistics

General Stats
  • This quiz has been taken 71 times
  • The average score is 10 of 16
Answer Stats
Picture Answer % Correct
M
100%
Men in Black
94%
The Matrix
94%
Monsters, Inc.
90%
The Mask
89%
Mary Poppins
85%
Mission: Impossible
82%
Mr. & Mrs. Smith
82%
Memento
65%
Monty Python and the Holy Grail
60%
Moonraker
53%
Minority Report
50%
The Man with the Golden Gun
37%
Midnight Cowboy
34%
The Man from U.N.C.L.E.
16%
The Man Who Knew Too Much
11%
No matching quizzes found
Score Distribution
Percent of People with Each Score
Percentile by Number Answered
Your Score History
You have not taken this quiz